| 000 | 00000nam##2200000za#4500 |
| 001 | 9.568408 |
| 003 | CaOODSP |
| 005 | 20240215150447 |
| 007 | cr ||||||||||| |
| 008 | 150406|2004||||xxc|||||o f|0| 0 eng|d |
| 040 | |aCaOODSP|beng |
| 043 | |an-cn--- |
| 086 | 1 |aPS83-3/155E-PDF |
| 110 | 2 |aCorrectional Service Canada. |
| 245 | 10|aProgram and service needs of federally incarcerated Métis offenders in Saskatchewan / |h[electronic resource]|c[by] John-Patrick Moore, Shelley Trevethan and Jennifer Conley. |
| 260 | |bCorrectional Service Canada |cJuly 2004. |
| 300 | |a62p.|bgraphs, references, tables |
| 490 | 1 |aResearch report|vR-155 |
| 590 | |a10-11-Supp|b2010-11-10 |
| 720 | 1 |aTrevethan, Shelley |
| 720 | 1 |aMoore, John-Patrick |
| 720 | 1 |aConley, Jennifer |
| 775 | 08|tBesoins en matière de programmes et de services des délinquants métis incarcérés dans les établissements fédéraux de la Saskatchewan / |w(CaOODSP)9.599698 |
| 830 | #0|aResearch report (Correctional Service Canada. Research Branch)|vR-155|w(CaOODSP)9.506063 |
| 856 | 40|ahttp://publications.gc.ca|qPDF|s733 KB|uhttps://publications.gc.ca/collections/collection_2010/scc-csc/PS83-3-155-eng.pdf|yR-155 |